| 000 | 00888pam a2200277 a 4500 | ||
|---|---|---|---|
| 999 |
_c234369 _d234369 |
||
| 001 | 1617427 | ||
| 003 | Nust | ||
| 005 | 20170320101449.0 | ||
| 008 | 950921s1996 nyu 000 1 eng | ||
| 010 | _a 95043714 | ||
| 020 | _a9780007291021 | ||
| 040 |
_aDLC _cDLC _dDLC _dOCoLC _dDLC |
||
| 043 | _ae-ie--- | ||
| 050 | 0 | 0 |
_aPR6068.Y32 _bB56 1996 |
| 082 | 0 | 0 |
_a823.914 _bMON |
| 100 | 1 | _aMonroe, Grace. | |
| 245 | 1 | 0 |
_aBlood lines / _cGrace Monroe. |
| 250 | _a1st U.S. ed. | ||
| 260 |
_aNew York : _bSt. Martin's Press, _c1996. |
||
| 300 |
_a391 p. ; _c22 cm. |
||
| 650 | 0 |
_aFamilies _zIreland _vFiction. |
|
| 651 | 0 |
_aIreland _vFiction. |
|
| 655 | 7 |
_aDomestic fiction. _2lcsh |
|
| 906 |
_a7 _bcbc _corignew _d1 _eocip _f19 _gy-gencatlg |
||
| 942 |
_2ddc _cBK |
||